000 00629nam a2200241 a 4500
001 nice12345678
003 IN_TiNIC
005 20260116012505.0
008 050524s1982 dela grp 000 0 eng
020 _a
_c65
082 0 0 _a340.59
_bSHA
100 _aShabbir, Lmohammad
245 _aAuthority and Authenticity of Hadith as a Source of Islamic Law
260 _aDelhi
_bKitab Bhavan
_c1982
300 _a131p.
500 _aincludes index and biblioraphy
505 2 _aappend, bib. gloss and index.
650 _aIslamic-Law
700 1 _aShabbir, Lmohammad
902 _bSRS
942 _cBK
999 _c7213
_d7213